书目信息 |
| 题名: |
民间情歌三百首
|
|
| 作者: | 陈子艾 编 | |
| 分册: | ||
| 出版信息: | 上海 上海文艺出版社 1981.10 |
|
| 页数: | 247页 | |
| 开本: | 20cm | |
| 丛书名: | ||
| 单 册: | ||
| 中图分类: | I277.2 | |
| 科图分类: | ||
| 主题词: | 民间文学--中国 | |
| 电子资源: | ||
| ISBN: | ||
| 000 | 00534nam0 2200193 45 | |
| 001 | 0312221749 | |
| 005 | 20060820084504.40 | |
| 010 | @dCNY0.78 | |
| 091 | @a10078.3296 | |
| 100 | @a20031222d1981 km y0chiy0120 ea | |
| 101 | @achi | |
| 200 | 1 | @a民间情歌三百首@AMin Jian Qing Ge San Bai Shou@f陈子艾等编@FChen Zi Ai Deng Bian |
| 210 | @a上海@c上海文艺出版社@d1981.10 | |
| 215 | @a247页@d20cm | |
| 606 | 0 | @a民间文学@x中国 |
| 690 | @aI277.2@v3 | |
| 701 | 0 | @a陈子艾@4编 |
| 801 | @aCN@bTSTCL@c20060820 | |
| 905 | @dI277.2@e25@f3@b58291-293 | |
| 民间情歌三百首/陈子艾等编.-上海:上海文艺出版社,1981.10 |
| 247页;20cm |
| ISBN :CNY0.78 |
| ● |
| 相关链接 |
|
|
|
|
正题名:民间情歌三百首
索取号:I277.2/25
 
预约/预借
| 序号 | 登录号 | 条形码 | 馆藏地/架位号 | 状态 | 备注 |
| 1 | 0058291 | 000038523 | 密集书库/ [索取号:I277.2/25] | 在馆 | |
| 2 | 0058292 | 000038532 | 密集书库/ [索取号:I277.2/25] | 在馆 | |
| 3 | 0058293 | 000038541 | 第二借阅区/ [索取号:I277.2/25] | 在馆 | |
| 4 | 0058295 | 000038514 | 第一样本阅览室/ [索取号:I277.2/25] | 在馆 | |
| 5 | 0470154 | 204701545 | 密集书库/ [索取号:I277.2/25] | 在馆 |